[Event "Open SSM Inverno"]
[Site "Milano ITA"]
[Date "2014.02.04"]
[Round "7"]
[White "Colica, Daniele"]
[Black "Alidosi, Marco"]
[WhiteElo "1698"]
[BlackElo "1775"]
[Result "0-1"]
[PlyCount "56"]
[EventDate "2014.01.14"]

1. Nf3 Nf6 2. b3 g6 3. Bb2 Bg7 4. e3 O-O 5. Be2 c5 6. O-O Nc6 7. c4 d6 8. d4 e6
9. Nc3 a6 10. Qd2 Qc7 11. d5 exd5 12. Nxd5 Nxd5 13. Bxg7 Kxg7 14. Qxd5 Be6 15.
Qd2 f6 16. Rad1 Rad8 17. Qc3 Ne5 18. Nd2 d5 19. cxd5 Bxd5 20. f4 Nd7 21. Bf3
Bxf3 22. Nxf3 Rde8 23. f5 Ne5 24. Nd4 Ng4 25. Rf4 Nxe3 26. Rdf1 Nxf1 27. Rxf1
Qe5 28. Ne2 Qxe2 0-1

[Event "Open SSM Inverno"]
[Site "Milano ITA"]
[Date "2014.02.04"]
[Round "7"]
[White "Costisanu, Romica"]
[Black "Bracco, Valter"]
[WhiteElo "1484"]
[BlackElo "1485"]
[Result "1-0"]
[PlyCount "75"]
[EventDate "2014.01.14"]

1. e4 c5 2. c3 e6 3. Nf3 a6 4. e5 Nc6 5. d3 Nge7 6. Bg5 Qc7 7. d4 cxd4 8. cxd4
Nf5 9. g4 Nfe7 10. Nbd2 Nd5 11. a3 d6 12. Rc1 b5 13. Qc2 Bb7 14. Ne4 Rc8 15.
Bg2 h6 16. Bd2 Qb8 17. Qb1 dxe5 18. dxe5 Nxe5 19. Rxc8+ Bxc8 20. Nxe5 Qxe5 21.
O-O Be7 22. Re1 Qb8 23. Qd3 Bb7 24. Qd4 O-O 25. Ng3 Bf6 26. Qd3 Bxb2 27. Qb3
Bf6 28. Nh5 Be5 29. f4 Bd4+ 30. Kh1 g6 31. Ng3 Bf2 32. Rf1 Bxg3 33. hxg3 Rd8
34. Rd1 Nf6 35. Be3 Rxd1+ 36. Qxd1 Bxg2+ 37. Kxg2 Nxg4 38. Qxg4 1-0

[Event "Open SSM Inverno"]
[Site "Milano ITA"]
[Date "2014.02.04"]
[Round "7"]
[White "Darvishi, Mahmood"]
[Black "Pelizzola, Danilo"]
[WhiteElo "2056"]
[BlackElo "2127"]
[Result "1/2-1/2"]
[PlyCount "130"]
[EventDate "2014.01.14"]

1. e4 e5 2. Nf3 Nc6 3. d4 exd4 4. c3 d5 5. exd5 Qxd5 6. cxd4 Bb4+ 7. Nc3 Bg4 8.
Be2 Nf6 9. O-O Bxc3 10. bxc3 O-O 11. c4 Qe4 12. Be3 Rad8 13. Qa4 Rfe8 14. Rab1
h6 15. Rfd1 Bd7 16. Qa3 b6 17. d5 Qe7 18. c5 Bf5 19. dxc6 Bxb1 20. Rxb1 Ng4 21.
Rb3 Qf6 22. Rc3 Nxe3 23. fxe3 Qxc6 24. cxb6 Qxb6 25. Kf2 Rd5 26. Qc1 c5 27. Bc4
Rd6 28. Bb3 Rc8 29. Qc2 Rf6 30. Bd5 Qd6 31. e4 Qxh2 32. Rxc5 Rxc5 33. Qxc5 Qb8
34. Qc2 g5 35. Kg1 g4 36. Nd4 Qb6 37. Qd1 h5 38. Kh1 Rf2 39. Nf5 Rb2 40. Bxf7+
Kf8 41. Bb3 Qc7 42. e5 Rf2 43. Be6 Rc2 44. Qd5 Rb2 45. Qd6+ Qxd6 46. exd6 Rd2
47. d7 a5 48. Kg1 h4 49. Nxh4 g3 50. Kf1 Ke7 51. Nf3 Rf2+ 52. Ke1 Rxg2 53. Nd4
Rg1+ 54. Ke2 g2 55. Nc6+ Kxe6 56. d8=Q Re1+ 57. Kxe1 g1=Q+ 58. Kd2 Qg2+ 59. Ke3
Qxc6 60. Qxa5 Kd6 61. Kd4 Kd7 62. Qf5+ Kc7 63. Qf7+ Kb8 64. Qb3+ Ka8 65. a4
Qb6+ 1/2-1/2

[Event "Open SSM Inverno"]
[Site "Milano ITA"]
[Date "2014.02.04"]
[Round "7"]
[White "Montoli, Marco"]
[Black "Bossi, Alessandro"]
[WhiteElo "1981"]
[BlackElo "2031"]
[Result "1-0"]
[PlyCount "71"]
[EventDate "2014.01.14"]

1. c4 e5 2. g3 Nc6 3. Nc3 g6 4. Bg2 Bg7 5. e4 d6 6. d3 h5 7. Nf3 Bg4 8. h3 Bxf3
9. Bxf3 Nd4 10. Bg2 Ne7 11. Be3 c6 12. O-O Qd7 13. Rb1 f5 14. h4 f4 15. Bxd4
exd4 16. Ne2 g5 17. gxf4 g4 18. f5 Bf6 19. b4 a6 20. a4 Bxh4 21. Nxd4 Bf6 22.
Nb3 h4 23. d4 h3 24. Bh1 h2+ 25. Kg2 O-O-O 26. Re1 Nxf5 27. exf5 Qh7 28. Qd3 g3
29. fxg3 Qh3+ 30. Kf2 Rdg8 31. Bg2 Qg4 32. Qf3 Bxd4+ 33. Nxd4 Qxd4+ 34. Qe3 Qg7
35. Qe6+ Kb8 36. Qxd6+ 1-0

[Event "Open SSM Inverno"]
[Site "Milano ITA"]
[Date "2014.02.04"]
[Round "7"]
[White "Papale, Carmelo"]
[Black "Nepi, Ezio"]
[WhiteElo "1821"]
[BlackElo "1918"]
[Result "0-1"]
[PlyCount "62"]
[EventDate "2014.01.14"]

1. e4 c5 2. Nf3 d6 3. d4 cxd4 4. Nxd4 Nf6 5. Nc3 Nc6 6. Bg5 Bd7 7. Qd2 Rc8 8.
O-O-O Nxd4 9. Qxd4 Qa5 10. f4 Rxc3 11. bxc3 e5 12. Qc4 d5 13. exd5 Ba3+ 14. Kd2
Nxd5 15. Bd3 Nxc3 16. Rde1 Nd5+ 17. c3 O-O 18. Rxe5 Be6 19. Rhe1 Bb2 20. Rxd5
Bxd5 21. Re5 Bc1+ 22. Kd1 Bxc4 23. Bxh7+ Kxh7 24. Rxa5 Be3 25. Re5 Bf2 26. Re4
b5 27. f5 f6 28. Bh4 Rd8+ 29. Kc1 Bd3 30. Rg4 Bxf5 31. Bxf6 Be3+ 0-1

[Event "Open SSM Inverno"]
[Site "Milano ITA"]
[Date "2014.02.04"]
[Round "7"]
[White "Silari, Andrea"]
[Black "Dicuonzo, Antonio"]
[WhiteElo "1749"]
[BlackElo "1645"]
[Result "1/2-1/2"]
[PlyCount "58"]
[EventDate "2014.01.14"]

1. e4 c5 2. Nf3 d6 3. Bb5+ Bd7 4. Bxd7+ Qxd7 5. c4 Nc6 6. d4 cxd4 7. Nxd4 Nf6
8. Nc3 a6 9. O-O e6 10. f4 Be7 11. Rf3 O-O 12. Kh1 Rfd8 13. f5 Ne5 14. Rg3 Nxc4
15. Bh6 g6 16. b3 Ne5 17. Nf3 Neg4 18. Qd2 Rac8 19. Na4 Nxe4 20. fxe6 Nxg3+ 21.
hxg3 fxe6 22. Nb6 Qc6 23. Nxc8 Rxc8 24. Bg5 Bxg5 25. Nxg5 Qc3 26. Qxc3 Rxc3 27.
Nxe6 Rxg3 28. Rf1 h5 29. Rf8+ Kh7 1/2-1/2

[Event "Open SSM Inverno"]
[Site "Milano ITA"]
[Date "2014.02.04"]
[Round "7"]
[White "Verderame, Alberto"]
[Black "Marchesotti, Giovanni"]
[WhiteElo "1474"]
[BlackElo "1526"]
[Result "1-0"]
[PlyCount "45"]
[EventDate "2014.01.14"]

1. Nf3 c5 2. d4 cxd4 3. Nxd4 e6 4. e4 a6 5. Bd3 b5 6. a3 Bb7 7. O-O Nc6 8. c3
Nf6 9. Nd2 Be7 10. Kh1 O-O 11. Qe2 Ne5 12. Bc2 Qc7 13. f4 Nc4 14. Nxc4 bxc4 15.
Rf3 d6 16. Rh3 g6 17. f5 e5 18. Nf3 gxf5 19. Bh6 Bxe4 20. Bxe4 fxe4 21. Rg3+
Kh8 22. Bg7+ Kg8 23. Bxf6# 1-0

[Event "Open SSM Inverno"]
[Site "Milano ITA"]
[Date "2014.02.04"]
[Round "7"]
[White "Villalba, Fernando"]
[Black "Croso, Marco"]
[WhiteElo "1856"]
[BlackElo "1861"]
[Result "0-1"]
[PlyCount "82"]
[EventDate "2014.01.14"]

1. d4 Nf6 2. Nf3 g6 3. Bf4 Bg7 4. e3 d6 5. c3 Nbd7 6. Be2 b6 7. Nbd2 Bb7 8. O-O
O-O 9. h3 h6 10. Rc1 Re8 11. Bb5 c6 12. Ba4 e5 13. dxe5 dxe5 14. Bh2 Qe7 15.
Bc2 Rad8 16. Qe2 e4 17. Nd4 Nc5 18. Rfd1 Nd3 19. Rb1 c5 20. N4b3 Ba6 21. c4 Nb4
22. Rbc1 Nxa2 23. Ra1 Nb4 24. Rac1 Bb7 25. Bb1 Nd7 26. Nf1 Ne5 27. Bxe5 Qxe5
28. Rc3 Rd6 29. Ng3 Red8 30. Rf1 Nd3 31. Bxd3 exd3 32. Qd2 Qe6 33. Rcc1 Ba6 34.
Na1 Bxc4 35. Rfe1 Bb5 36. Nf1 c4 37. e4 Bc6 38. f3 b5 39. Ne3 Kh7 40. g4 Bxb2
41. Qxb2 d2 0-1

[Event "Open SSM Inverno"]
[Site "Milano ITA"]
[Date "2014.02.06"]
[Round "8"]
[White "Alidosi, Marco"]
[Black "Carito, Riccardo"]
[WhiteElo "1775"]
[BlackElo "1712"]
[Result "1/2-1/2"]
[PlyCount "76"]
[EventDate "2014.01.14"]

1. d4 Nf6 2. c3 d5 3. Bf4 c5 4. e3 Nc6 5. Nf3 Qb6 6. Qc1 g6 7. Bd3 Bg7 8. Nbd2
O-O 9. h3 c4 10. Bc2 Qd8 11. O-O b5 12. e4 e6 13. Ne5 Nxe5 14. Bxe5 Bb7 15. Re1
Bh6 16. Qd1 Nd7 17. Bd6 Re8 18. e5 Nb6 19. Nf1 a5 20. Bc5 Bc6 21. Nh2 Nd7 22.
Ng4 Bg7 23. Bd6 Qg5 24. Qf3 Bf8 25. Bxf8 Rxf8 26. Rad1 b4 27. Qg3 Qe7 28. Re3
Kg7 29. Rde1 h5 30. Nh2 Kh6 31. h4 Rg8 32. Qf4+ g5 33. hxg5+ Qxg5 34. Qxg5+
Rxg5 35. Rf3 Rag8 36. Rxf7 Rxg2+ 37. Kh1 R2g7 38. Rxg7 Rxg7 1/2-1/2

[Event "Open SSM Inverno"]
[Site "Milano ITA"]
[Date "2014.02.06"]
[Round "8"]
[White "Aloe, Giancarlo"]
[Black "Capostagno, Francesco"]
[WhiteElo "1719"]
[BlackElo "1695"]
[Result "0-1"]
[PlyCount "94"]
[EventDate "2014.01.14"]

1. d4 Nf6 2. Nf3 g6 3. g3 Bg7 4. Bg2 O-O 5. O-O d6 6. c4 c6 7. Nbd2 Nbd7 8. b3
e5 9. e3 Qb6 10. Bb2 Re8 11. Qc2 a5 12. Rab1 Qc7 13. Ng5 h6 14. Nge4 Nxe4 15.
Nxe4 Nf6 16. Rfe1 Bf5 17. Nxf6+ Bxf6 18. e4 Bd7 19. Qd3 Bg7 20. Rbd1 Rad8 21.
Rc1 c5 22. d5 f5 23. f4 Kh7 24. fxe5 Bxe5 25. Bxe5 Rxe5 26. Rf1 Rde8 27. Rce1
Qd8 28. Qf3 Qe7 29. g4 Qg5 30. Qf4 Qxf4 31. Rxf4 g5 32. Rf2 f4 33. Bf3 R8e7 34.
h3 h5 35. gxh5 Bxh3 36. Rh2 g4 37. Bg2 Bxg2 38. Rxg2 g3 39. a3 Rxe4 40. Rf1 Re1
41. b4 Rxf1+ 42. Kxf1 b6 43. bxc5 bxc5 44. Rb2 f3 45. Rb6 g2+ 46. Kf2 Re2+ 47.
Kxf3 g1=Q 0-1

[Event "Open SSM Inverno"]
[Site "Milano ITA"]
[Date "2014.02.06"]
[Round "8"]
[White "Bonazzi, Edoardo"]
[Black "Papale, Carmelo"]
[WhiteElo "2079"]
[BlackElo "1821"]
[Result "1/2-1/2"]
[PlyCount "57"]
[EventDate "2014.01.14"]

1. c4 e5 2. g3 g6 3. Bg2 Bg7 4. Nc3 Nc6 5. d3 d6 6. e4 Nge7 7. Nge2 O-O 8. O-O
Be6 9. Nd5 a5 10. Be3 h6 11. Qd2 Kh7 12. Rad1 Nd4 13. f3 f5 14. Nxe7 Qxe7 15.
exf5 Nxf5 16. Bf2 h5 17. f4 c6 18. fxe5 dxe5 19. Nc3 Bh6 20. Qe2 Qc7 21. Rfe1
Rae8 22. Bc5 Rf7 23. Qxe5 Qd8 24. Ne4 b6 25. Bf2 Bg7 26. Qf4 Bh6 27. Qe5 Bg7
28. Qf4 Bh6 29. Qe5 1/2-1/2

[Event "Open SSM Inverno"]
[Site "Milano ITA"]
[Date "2014.02.06"]
[Round "8"]
[White "Bossi, Alessandro"]
[Black "Croso, Marco"]
[WhiteElo "2031"]
[BlackElo "1861"]
[Result "1-0"]
[PlyCount "78"]
[EventDate "2014.01.14"]

1. c4 Nf6 2. Nc3 c6 3. d4 d5 4. cxd5 cxd5 5. Bf4 Qa5 6. Qb3 e6 7. Nf3 Nh5 8.
Be5 f6 9. Bxb8 Rxb8 10. e3 g5 11. Bb5+ Kf7 12. O-O a6 13. Be2 Ng7 14. e4 dxe4
15. Nxe4 Qb4 16. Qc2 Qb6 17. Rac1 Ne8 18. Kh1 Be7 19. Nfd2 h5 20. f4 g4 21. Nc5
Qd8 22. f5 Bxc5 23. dxc5 exf5 24. Nc4 Be6 25. Bd3 Kg7 26. Bxf5 Bf7 27. Rcd1 Qe7
28. Nb6 Rd8 29. Bd7 Qe5 30. Rde1 Qg5 31. b4 Bg6 32. Qe2 f5 33. Qe5+ Qf6 34. Qf4
Rf8 35. Nd5 Qb2 36. Re7+ Rf7 37. Bxe8 Rxe7 38. Nxe7 Rxe8 39. Nxf5+ Kh7 1-0

[Event "Open SSM Inverno"]
[Site "Milano ITA"]
[Date "2014.02.06"]
[Round "8"]
[White "Brisotto, Stefano"]
[Black "Costisanu, Romica"]
[WhiteElo "1492"]
[BlackElo "1484"]
[Result "0-1"]
[PlyCount "66"]
[EventDate "2014.01.14"]

1. e4 e5 2. Nf3 Nc6 3. Bb5 Nge7 4. d4 exd4 5. Nxd4 Nxd4 6. Qxd4 c6 7. Bc4 b5 8.
Bb3 Ng6 9. O-O Bb7 10. Re1 c5 11. Qc3 c4 12. Bxc4 bxc4 13. Qxc4 Rc8 14. Qa4 Qb6
15. Nc3 Bc6 16. Qb3 Qa5 17. Re2 Bd6 18. Bd2 Qa6 19. Rae1 Rb8 20. e5 Bc7 21. Nd5
Bxd5 22. Qxd5 Qe6 23. Qc5 Bb6 24. Qa3 Rc8 25. Bg5 h6 26. Bf6 Nf4 27. Re4 Nh5
28. g4 Rxc2 29. Bh4 g5 30. Qd6 Nf4 31. Qb8+ Bd8 32. Rxf4 O-O 33. Bxg5 hxg5 $138
0-1

[Event "Open SSM Inverno"]
[Site "Milano ITA"]
[Date "2014.02.06"]
[Round "8"]
[White "Ciciotti, Augusto"]
[Black "Darvishi, Mahmood"]
[WhiteElo "1903"]
[BlackElo "2056"]
[Result "0-1"]
[PlyCount "104"]
[EventDate "2014.01.14"]

1. d4 Nf6 2. Nf3 e6 3. c4 b6 4. g3 Ba6 5. Qc2 Bb4+ 6. Bd2 Qe7 7. Bg2 O-O 8. O-O
Bxd2 9. Nbxd2 c6 10. e4 d5 11. e5 Nfd7 12. Rfe1 Rd8 13. Rac1 Nf8 14. Qa4 dxc4
15. Ne4 b5 16. Qc2 Bb7 17. b3 cxb3 18. axb3 a5 19. Nd6 Ra6 20. Nd2 Ba8 21. N2e4
Nbd7 22. h4 h6 23. Bf1 Rb8 24. Qd2 a4 25. Ra1 Nb6 26. Nc5 Ra7 27. b4 Nc8 28.
Nde4 Nd7 29. Qf4 Ndb6 30. Nf6+ Kf8 31. Bd3 Nd5 32. Nxd5 cxd5 33. Re3 Bc6 34.
Rf3 Be8 35. Qg4 Rb6 36. Ra3 Rc7 37. Qh5 Kg8 38. Qg4 Kh8 39. Rf4 Na7 40. Qe2 Rc8
41. Bc2 Nc6 42. Qd3 g6 43. Qd2 Qf8 44. Nxe6 Qxb4 45. Rc3 fxe6 46. Rf6 Kg7 47.
h5 Ne7 48. Rxc8 Qxd2 49. Rxe8 Rb7 50. Bxg6 Nxg6 51. Rxg6+ Kh7 52. Kg2 Rf7 0-1

[Event "Open SSM Inverno"]
[Site "Milano ITA"]
[Date "2014.02.06"]
[Round "8"]
[White "Colica, Daniele"]
[Black "Silari, Andrea"]
[WhiteElo "1698"]
[BlackElo "1749"]
[Result "1-0"]
[PlyCount "81"]
[EventDate "2014.01.14"]

1. Nf3 Nf6 2. b3 d6 3. d4 g6 4. Bb2 Bg7 5. e3 O-O 6. Be2 a6 7. Nbd2 b5 8. O-O
Bb7 9. c4 b4 10. Qc2 c5 11. Rad1 Qc7 12. Rfe1 Nbd7 13. d5 e5 14. dxe6 fxe6 15.
Ng5 Rfe8 16. Bd3 Nf8 17. Nde4 Nxe4 18. Bxe4 Bxb2 19. Qxb2 h6 20. Bxb7 Qxb7 21.
Nh3 d5 22. Qf6 dxc4 23. bxc4 Qf7 24. Qxf7+ Kxf7 25. Nf4 Rad8 26. Kf1 g5 27. Nh5
a5 28. Ke2 Ng6 29. Ng3 Ne5 30. Ne4 Nxc4 31. Nxc5 Rxd1 32. Rxd1 Rc8 33. Ne4 Ke7
34. Nd2 Ne5 35. Ne4 Rc2+ 36. Rd2 Rxd2+ 37. Kxd2 Nc6 38. Kc2 e5 39. Kb3 Ke6 40.
Kc4 a4 41. Nc5+ $138 1-0

[Event "Open SSM Inverno"]
[Site "Milano ITA"]
[Date "2014.02.06"]
[Round "8"]
[White "Dicuonzo, Antonio"]
[Black "Villalba, Fernando"]
[WhiteElo "1645"]
[BlackElo "1856"]
[Result "0-1"]
[PlyCount "68"]
[EventDate "2014.01.14"]

1. e4 c5 2. Nf3 Nc6 3. d4 cxd4 4. Nxd4 g6 5. Nc3 Bg7 6. Be3 Nf6 7. f3 O-O 8.
Qd2 d5 9. exd5 Nxd5 10. Nxc6 bxc6 11. Bd4 e5 12. Bc5 Re8 13. Ne4 Bf5 14. Nd6
Re6 15. g4 Bxc2 16. Qxc2 Rxd6 17. Bxd6 Qxd6 18. Rc1 Qb4+ 19. Qd2 Qxd2+ 20. Kxd2
Bh6+ 21. Kd1 Bxc1 22. Kxc1 Rd8 23. Bc4 Nb6 24. Bb3 Kf8 25. Re1 f6 26. g5 Kg7
27. f4 Re8 28. h4 Nd5 29. Rd1 exf4 30. Bxd5 cxd5 31. Rxd5 fxg5 32. Rd7+ Kg8 33.
hxg5 f3 34. Rd1 f2 0-1

[Event "Open SSM Inverno"]
[Site "Milano ITA"]
[Date "2014.02.06"]
[Round "8"]
[White "Nepi, Ezio"]
[Black "Montoli, Marco"]
[WhiteElo "1918"]
[BlackElo "1981"]
[Result "1-0"]
[PlyCount "101"]
[EventDate "2014.01.14"]

1. d4 Nf6 2. c4 g6 3. Nc3 d5 4. e3 Bg7 5. cxd5 Nxd5 6. Nxd5 Qxd5 7. Ne2 O-O 8.
Nc3 Qd8 9. Be2 c5 10. d5 Na6 11. O-O Nc7 12. e4 f5 13. f3 Qd6 14. Be3 b6 15.
Qb3 Kh8 16. Rfd1 f4 17. Bf2 Qe5 18. g4 Bd7 19. Rd2 Rfd8 20. Rad1 Be8 21. a4 Qf6
22. Bc4 Bf7 23. Re1 e5 24. Red1 Rd6 25. a5 Be8 26. Ra1 Qd8 27. Bb5 Bxb5 28.
Nxb5 Nxb5 29. Qxb5 Bf8 30. b3 a6 31. Qd3 Rd7 32. Qc3 Bd6 33. Rda2 Rda7 34. axb6
Qxb6 35. b4 Rc7 36. bxc5 Bxc5 37. Qxe5+ Kg8 38. Kg2 Bxf2 39. Rxf2 Rf7 40. Rb2
Qe3 41. Raa2 a5 42. d6 Qd3 43. Rd2 Qe3 44. Qd5 Rd8 45. Rxa5 Qb6 46. e5 Kg7 47.
e6 Rf6 48. Rb5 Qa6 49. Qb7+ Qxb7 50. Rxb7+ Kh6 51. e7 1-0

[Event "Open SSM Inverno"]
[Site "Milano ITA"]
[Date "2014.02.06"]
[Round "8"]
[White "Pelizzola, Danilo"]
[Black "Vezzosi, Paolo"]
[WhiteElo "2127"]
[BlackElo "2252"]
[Result "0-1"]
[PlyCount "68"]
[EventDate "2014.01.14"]

1. e4 c5 2. Nf3 d6 3. d4 cxd4 4. Nxd4 Nf6 5. Nc3 a6 6. Be2 e5 7. Nb3 Be7 8. O-O
Nbd7 9. Be3 b5 10. Nd5 Nxd5 11. Qxd5 Rb8 12. a4 Bb7 13. Qd3 b4 14. a5 Nf6 15.
f3 O-O 16. Bb6 Qc8 17. Ba7 Ra8 18. Bf2 d5 19. exd5 Bxd5 20. Rac1 Qb7 21. Rfe1
Rfc8 22. Qe3 Nd7 23. f4 Bf6 24. Bg4 exf4 25. Qxf4 Rc4 26. Qf5 Ne5 27. Be2 Bxg2
28. Nc5 Qc6 29. Bxc4 Nf3+ 30. Qxf3 Bxf3 31. b3 Bb2 32. Rcd1 Qg6+ 33. Bg3 Qh5
34. Rd7 Qxc5+ 0-1

[Event "Open SSM Inverno"]
[Site "Milano ITA"]
[Date "2014.02.06"]
[Round "8"]
[White "Ruggeri, Igor"]
[Black "Casamassima, Paolo"]
[WhiteElo "1612"]
[BlackElo "1677"]
[Result "0-1"]
[PlyCount "102"]
[EventDate "2014.01.14"]

1. d4 d5 2. c4 e6 3. Nc3 Nf6 4. Bg5 Be7 5. Nf3 O-O 6. e3 Re8 7. Bd3 Nbd7 8. Qc2
c6 9. O-O g6 10. Rac1 Ng4 11. h4 e5 12. cxd5 Bxg5 13. Nxg5 Qf6 14. Nce4 Qe7 15.
dxc6 bxc6 16. Qxc6 Nb6 17. Qd6 h6 18. Qxe7 Rxe7 19. Nf3 f5 20. Nxe5 Nxe5 21.
Nf6+ Kf7 22. dxe5 Rxe5 23. Rc6 Be6 24. Nh7 Kg7 25. Rc7+ Bd7 26. f4 Rd5 27. Ba6
Rb8 28. Bb7 Rd6 29. e4 fxe4 30. Bxe4 Kxh7 31. h5 Kg7 32. Bxg6 a5 33. b3 Kf6 34.
Rc5 a4 35. bxa4 Nxa4 36. Rc7 Rb2 37. Rf2 Rb4 38. f5 Nb6 39. Rfc2 Nd5 40. R7c4
Rb1+ 41. Kf2 Nb4 42. R2c3 Rd2+ 43. Ke3 Rd6 44. Kf3 Nxa2 45. Ra3 Nb4 46. Re3 Nc6
47. Re6+ Bxe6 48. fxe6 Ne5+ 49. Kf2 Rb2+ 50. Rc2 Rxc2+ 51. Bxc2 Rd2+ 0-1

[Event "Open SSM Inverno"]
[Site "Milano ITA"]
[Date "2014.02.06"]
[Round "8"]
[White "Taccani Stella, Alberto"]
[Black "Chiapperini, Christian"]
[WhiteElo "1380"]
[BlackElo "1516"]
[Result "1/2-1/2"]
[PlyCount "114"]
[EventDate "2014.01.14"]

1. d4 d5 2. Nf3 Bf5 3. e3 Nf6 4. Bd3 Bxd3 5. cxd3 e6 6. Ne5 c5 7. Nd2 cxd4 8.
exd4 Bd6 9. Ndf3 Nbd7 10. Bg5 Be7 11. Rc1 O-O 12. O-O Rc8 13. Rxc8 Qxc8 14. Qc1
Bd6 15. Qxc8 Rxc8 16. Rc1 Rxc1+ 17. Bxc1 h6 18. Nxd7 Nxd7 19. b3 Nf6 20. h3 Nh5
21. g4 Nf4 22. Bxf4 Bxf4 23. Ne1 Kf8 24. Ng2 Bd2 25. Ne3 Ke7 26. Kf1 Kd6 27.
Ke2 Bb4 28. Nc2 Ba5 29. a4 Ke7 30. b4 Bc7 31. b5 Kf6 32. h4 g6 33. Ke3 h5 34.
f3 Bg3 35. a5 Bxh4 36. a6 bxa6 37. bxa6 Bg3 38. Nb4 Bc7 39. Nc6 Bb6 40. Nb8 Ke7
41. Nc6+ Kd6 42. Ne5 Ke7 43. Nc6+ Ke8 44. Kf4 h4 45. g5 Kd7 46. Ne5+ Ke8 47.
Kg4 Bxd4 48. Nc6 Bc3 49. Nxa7 Kd7 50. Nb5 Kc6 51. Nxc3 Kb6 52. Kxh4 Kxa6 53. d4
Ka5 54. f4 Kb4 55. Ne2 Kc4 56. Kg3 Kd3 57. Kf3 Kd2 1/2-1/2

[Event "II Torneo del Santo A"]
[Site "Padova ITA"]
[Date "2014.02.15"]
[Round "2"]
[White "Sbarra, Marco"]
[Black "Collutiis, Duilio"]
[WhiteElo "2261"]
[BlackElo "2474"]
[Result "0-1"]
[PlyCount "64"]
[EventDate "2014.02.14"]

1. d4 e6 2. c4 Bb4+ 3. Nc3 Qe7 4. g3 Nf6 5. Bg2 O-O 6. Nf3 d6 7. O-O Bxc3 8.
bxc3 Nc6 9. Nd2 e5 10. Nb3 Re8 11. Re1 Bd7 12. c5 d5 13. dxe5 Nxe5 14. Bg5 Rad8
15. Qd4 h6 16. Bxf6 Qxf6 17. f4 Ng4 18. e4 dxe4 19. Rxe4 Rxe4 20. Bxe4 Bc8 21.
Qxf6 Nxf6 22. Bc2 Bg4 23. Nd4 Nd5 24. c6 b6 25. Re1 Kf8 26. Bf5 Bxf5 27. Nxf5
Nxc3 28. a4 Rd5 29. g4 h5 30. h3 hxg4 31. hxg4 g6 32. Nh6 Rd1 0-1

[Event "C.to Provinciale BS"]
[Site "Sarezzo ITA"]
[Date "2014.01.25"]
[Round "1"]
[White "Bresciani, Luca"]
[Black "Peli, Jordan"]
[WhiteElo "1395"]
[BlackElo "1493"]
[Result "0-1"]
[PlyCount "72"]
[EventDate "2014.01.25"]

1. e4 c5 2. Nf3 d6 3. d4 cxd4 4. Nxd4 e5 5. Nf3 f5 6. Bd3 fxe4 7. Bxe4 Nf6 8.
Bg5 Qa5+ 9. Bd2 Qb6 10. Nc3 Be6 11. b3 d5 12. Na4 Qd6 13. Bd3 e4 14. Bb5+ Bd7
15. Bxd7+ Nbxd7 16. Nd4 Be7 17. Nf5 Qe5 18. Nxe7 Qxe7 19. O-O O-O 20. Be3 Rac8
21. Bxa7 b5 22. Nb2 Nc5 23. Bb6 Qe5 24. b4 Ne6 25. Qc1 Nd7 26. Be3 d4 27. Bd2
e3 28. fxe3 Rxf1+ 29. Qxf1 dxe3 30. Re1 Qxb2 31. Rxe3 Qd4 32. Qf2 Rf8 33. Qe2
Nf4 34. Qxb5 Qxd2 35. Qc4+ Nd5 36. Qd3 Qc1+ 0-1

[Event "C.to Provinciale BS"]
[Site "Sarezzo ITA"]
[Date "2014.01.25"]
[Round "1"]
[White "Brugaletta, Alessandro"]
[Black "Avanzini, Angelo"]
[WhiteElo "1413"]
[BlackElo "1517"]
[Result "0-1"]
[PlyCount "58"]
[EventDate "2014.01.25"]

1. e4 c5 2. Nf3 Nc6 3. Nc3 g6 4. Bb5 Bg7 5. O-O d6 6. d3 Nf6 7. h3 O-O 8. Bg5
h6 9. Be3 Bd7 10. Bc4 a6 11. Rb1 Na5 12. Bd5 e6 13. Bc4 b5 14. Bb3 c4 15. dxc4
bxc4 16. Ba4 Bxa4 17. Nxa4 Nxe4 18. Bb6 Qd7 19. Bxa5 Qxa4 20. Bc7 Qxa2 21. Qe1
d5 22. Ne5 Ra7 23. Qb4 c3 24. f3 Rxc7 25. fxe4 Bxe5 26. exd5 exd5 27. Rfe1 Bg7
28. Red1 cxb2 29. Qxb2 Bxb2 0-1

[Event "C.to Provinciale BS"]
[Site "Sarezzo ITA"]
[Date "2014.01.25"]
[Round "1"]
[White "Fausti, Mattia"]
[Black "Paglia, Angelo"]
[WhiteElo "1434"]
[BlackElo "1699"]
[Result "0-1"]
[PlyCount "64"]
[EventDate "2014.01.25"]

1. d4 d5 2. Nf3 Nf6 3. e3 e6 4. Bd3 Nbd7 5. Nbd2 Be7 6. c3 O-O 7. Qc2 c5 8. e4
dxe4 9. Nxe4 Nxe4 10. Bxe4 Nf6 11. Be3 Nxe4 12. Qxe4 f5 13. Qd3 f4 14. Bd2 Kh8
15. g3 cxd4 16. Nxd4 e5 17. Bxf4 exd4 18. Qxd4 Qxd4 19. cxd4 Bb4+ 20. Kf1 Bh3+
21. Kg1 Rae8 22. Be5 Rxe5 23. dxe5 Bc5 24. Rf1 Bxf1 25. Kxf1 Rxf2+ 26. Ke1 Rxb2
27. Kd1 Rb1+ 28. Ke2 Rxh1 29. h4 Rh2+ 30. Kf3 Rxa2 31. g4 Be7 32. h5 Rd2 0-1

[Event "C.to Provinciale BS"]
[Site "Sarezzo ITA"]
[Date "2014.01.25"]
[Round "1"]
[White "Gaglione, Francesco"]
[Black "Peloni, Davide"]
[WhiteElo "1470"]
[BlackElo "1392"]
[Result "1-0"]
[PlyCount "80"]
[EventDate "2014.01.25"]

1. d4 c5 2. Nf3 Nc6 3. Nc3 e6 4. Bf4 d5 5. e3 Nf6 6. Bb5 Qb6 7. O-O a6 8. Bxc6+
Qxc6 9. Re1 Be7 10. Ne5 Qb6 11. Na4 Qa5 12. Nxc5 Bxc5 13. dxc5 Qxc5 14. c3 O-O
15. Qd4 Qxd4 16. cxd4 Bd7 17. Nxd7 Nxd7 18. Rac1 f6 19. Rc7 Rad8 20. Rxb7 e5
21. dxe5 fxe5 22. Bg5 Nf6 23. Bxf6 Rxf6 24. Rc1 d4 25. exd4 exd4 26. Rd1 Re6
27. Kf1 d3 28. Rd2 Rc6 29. g3 Rc2 30. Ke1 a5 31. Kd1 Rc5 32. Rb3 Rcd5 33. Rc3
Kf7 34. a3 Ke6 35. f4 Kf5 36. b4 axb4 37. axb4 Ke4 38. Ke1 Ke3 39. Rb3 Rb5 40.
Rd1 Kf3 1-0

[Event "C.to Provinciale BS"]
[Site "Sarezzo ITA"]
[Date "2014.01.25"]
[Round "1"]
[White "Migliorati, Michele"]
[Black "Ricci, Davide"]
[WhiteElo "1500"]
[BlackElo "1413"]
[Result "1/2-1/2"]
[PlyCount "47"]
[EventDate "2014.01.25"]

1. e4 e6 2. d4 d5 3. e5 c5 4. c3 Nc6 5. Nf3 Qb6 6. Be2 cxd4 7. cxd4 Nge7 8.
Nbd2 Nxd4 9. O-O Nec6 10. Nxd4 Qxd4 11. Nf3 Qxd1 12. Rxd1 Bc5 13. b3 O-O 14.
Bb2 Rd8 15. Rac1 Bb6 16. Bd3 Bd7 17. h4 h6 18. h5 Rac8 19. g4 Nb4 20. Bb1 Rxc1
21. Rxc1 Bb5 22. Nd4 Bd7 23. a3 Nc6 24. Nf3 1/2-1/2

[Event "C.to Provinciale BS"]
[Site "Sarezzo ITA"]
[Date "2014.01.25"]
[Round "1"]
[White "Muffolini, Riccardo"]
[Black "Agnelli, Francesco"]
[WhiteElo "1467"]
[BlackElo "2040"]
[Result "0-1"]
[PlyCount "54"]
[EventDate "2014.01.25"]

1. e4 c5 2. Nf3 Nc6 3. d4 cxd4 4. Nxd4 e5 5. Nf3 Nf6 6. Nc3 Bb4 7. Qd3 d5 8.
Bd2 d4 9. Ne2 O-O 10. c3 dxc3 11. Qxd8 Rxd8 12. Nxc3 Bxc3 13. Bxc3 Nxe4 14.
Nxe5 Nxc3 15. Nxc6 Re8+ 16. Kd2 Ne4+ 17. Ke3 bxc6 18. Kf3 Nd2+ 19. Kg3 Rb8 20.
b3 Ne4+ 21. Kf4 g5+ 22. Kf3 Rb4 23. Bd3 Nd2+ 24. Kg3 Rg4+ 25. Kh3 Rd4+ 26. Kg3
Rxd3+ 27. f3 Ne4# 0-1

[Event "C.to Provinciale BS"]
[Site "Sarezzo ITA"]
[Date "2014.01.25"]
[Round "1"]
[White "Zorzi, Samuele"]
[Black "Lumachi, Gabriele"]
[WhiteElo "1613"]
[BlackElo "1419"]
[Result "1-0"]
[PlyCount "51"]
[EventDate "2014.01.25"]

1. e4 Nf6 2. Nc3 e5 3. Nf3 Nc6 4. Bc4 h6 5. d3 Bc5 6. h3 O-O 7. O-O d6 8. a3
Nd4 9. Nxd4 exd4 10. Ne2 Bb6 11. Ng3 Be6 12. Ba2 Bxa2 13. Rxa2 Qd7 14. Nf5 Qe6
15. Ra1 d5 16. Re1 c5 17. Qf3 c4 18. Bxh6 gxh6 19. Qg3+ Ng4 20. Qxg4+ Qg6 21.
Ne7+ Kh7 22. Nxg6 fxg6 23. exd5 c3 24. Re7+ Kh8 25. Qxg6 cxb2 26. Qh7# 1-0